Kirjaimella E alkavien valtioiden naapurimaat - Statistics

Yleistilastot
  • Tätä visaa on pelattu 78 kertaa
  • Keskiarvotulos 21 / 29
Vastaustilastot
E:llä alkava valtio Rajanaapuri % Oikein
Etiopia Somalia
96%
Egypti, Eritrea, Etelä-Sudan, Etiopia Sudan
96%
Eritrea, Etiopia Djibouti
89%
Etelä-Sudan, Etiopia Kenia
88%
Etelä-Korea Pohjois-Korea
88%
Espanja Portugali
88%
Etelä-Afrikka Lesotho
84%
Egypti Libya
84%
Ecuador Peru
82%
Espanja Ranska
82%
Espanja Andorra
81%
Ecuador Kolumbia
81%
Etelä-Afrikka Namibia
81%
Etelä-Sudan Uganda
77%
Etiopia Eritrea
75%
Etelä-Afrikka Eswatini
75%
Eritrea, Etelä-Sudan Etiopia
75%
Eswatini, Etelä-Afrikka Mosambik
75%
Etelä-Afrikka Botswana
72%
Etiopia Etelä-Sudan
72%
Etelä-Sudan Kongon demokraattinen tasavalta
70%
Etelä-Afrikka Zimbabwe
70%
El Salvador Guatemala
68%
El Salvador Honduras
65%
Etelä-Sudan Keski-Afrikan tasavalta
65%
Eswatini Etelä-Afrikka
58%
Egypti Israel
56%
Espanja (Ceuta ja Melilla) Marokko
25%
Espanja Yhdistynyt kuningaskunta (Gibraltar)
9%
Ehtoja vastaavia visoja ei löytynyt
Tulosjakauma
Jokaisen tuloksen saaneiden osuus
Persentiili vastausten määrän mukaan
Tuloshistoriasi
Et ole pelannut tätä visaa